000 00594nam a2200205Ia 4500
005 20250508160640.0
008 008 250505s9999 xx 000 0 eng d
037 _aTextual
040 _aFEDL
_beng
_cFEDL
041 _aeng
_2eng
084 _a370.15, BER
_qFEDL
100 _aBernard Harold W.
245 0 _aReadings in educational psychology
260 _aScrahton
_bInternational Textbook Company
_c1968
300 _axii,498p
650 _aEducation - Psychology
700 _a Huckins Wesley C.
_9769018
942 _cTEXL
_h370.15, BER
999 _c1365823
_d1365823